<?xml version="1.0" encoding="UTF-8"?><marc:collection xmlns:marc="http://www.loc.gov/MARC21/slim">
  <marc:record>
    <marc:leader>00000nam##2200000za#4500</marc:leader>
    <marc:controlfield tag="001">9.626028</marc:controlfield>
    <marc:controlfield tag="003">CaOODSP</marc:controlfield>
    <marc:controlfield tag="005">20210615104307</marc:controlfield>
    <marc:controlfield tag="007">ta</marc:controlfield>
    <marc:controlfield tag="008">150406|2002||||xxc|||||     f|0| 0 fre|d</marc:controlfield>
    <marc:datafield tag="040" ind1=" " ind2=" ">
      <marc:subfield code="a">CaOODSP</marc:subfield>
      <marc:subfield code="b">fre</marc:subfield>
    </marc:datafield>
    <marc:datafield tag="043" ind1=" " ind2=" ">
      <marc:subfield code="a">n-cn---</marc:subfield>
    </marc:datafield>
    <marc:datafield tag="086" ind1="1" ind2=" ">
      <marc:subfield code="a">NH18-23/77-1F</marc:subfield>
    </marc:datafield>
    <marc:datafield tag="110" ind1="2" ind2=" ">
      <marc:subfield code="a">Société canadienne d'hypothèques et de logement.</marc:subfield>
    </marc:datafield>
    <marc:datafield tag="245" ind1="1" ind2="0">
      <marc:subfield code="a">Logement des générations issues du baby-boom, de l'effondrement de la natalité et de l'écho du baby-boom </marc:subfield>
    </marc:datafield>
    <marc:datafield tag="260" ind1=" " ind2=" ">
      <marc:subfield code="a">Ottawa - Ontario : </marc:subfield>
      <marc:subfield code="b">Société canadienne d'hypothèques et de logement </marc:subfield>
      <marc:subfield code="c">2002.</marc:subfield>
    </marc:datafield>
    <marc:datafield tag="300" ind1=" " ind2=" ">
      <marc:subfield code="a">5p. : </marc:subfield>
      <marc:subfield code="b">graphiques ; </marc:subfield>
      <marc:subfield code="c">28 cm.</marc:subfield>
    </marc:datafield>
    <marc:datafield tag="490" ind1="1" ind2=" ">
      <marc:subfield code="a">Le point en recherche. Série socio-économique </marc:subfield>
      <marc:subfield code="v">77</marc:subfield>
    </marc:datafield>
    <marc:datafield tag="520" ind1="3" ind2=" ">
      <marc:subfield code="a">Feuillet documentaire décrivant les points saillants d’une étude commandée par la Société canadienne d’hypothèques et de logement pour examiner diverses questions liées au logement dans une perspective intergénérationnelle. Le rapport présente d’abord un profil de trois générations issues du baby-boom (génération née de 1947 à 1966), de l’effondrement de la natalité (de 1967 à 1979) et de l’écho du baby-boom (de 1980 à 1997). En utilisant des données de recensements et des informations recueillies lors d’entrevues, ce rapport fait ressortir les différences et les similarités de plusieurs variables affectant le logement, telles la demande et le choix de logements et l’abordabilité. Le rapport conclut sur la façon de renforcer la politique en matière de logement en adoptant une perspective intergénérationnelle au moment de formuler des programmes.</marc:subfield>
    </marc:datafield>
    <marc:datafield tag="563" ind1=" " ind2=" ">
      <marc:subfield code="a">Dépliant</marc:subfield>
    </marc:datafield>
    <marc:datafield tag="590" ind1=" " ind2=" ">
      <marc:subfield code="a">02-42</marc:subfield>
      <marc:subfield code="b">2002-10-18</marc:subfield>
    </marc:datafield>
    <marc:datafield tag="691" ind1="0" ind2="7">
      <marc:subfield code="a">Logement</marc:subfield>
      <marc:subfield code="2">gcpds</marc:subfield>
    </marc:datafield>
    <marc:datafield tag="691" ind1="0" ind2="7">
      <marc:subfield code="a">Analyse de marché</marc:subfield>
      <marc:subfield code="2">gcpds</marc:subfield>
    </marc:datafield>
    <marc:datafield tag="775" ind1="0" ind2="8">
      <marc:subfield code="t">Housing the boom, bust and echo generations </marc:subfield>
      <marc:subfield code="w">(CaOODSP)9.616115</marc:subfield>
    </marc:datafield>
    <marc:datafield tag="776" ind1="0" ind2="#">
      <marc:subfield code="t">Logement des générations issues du baby-boom, de l'effondrement de la natalité et de l'écho du baby-boom </marc:subfield>
      <marc:subfield code="w">(CaOODSP)9.602182</marc:subfield>
    </marc:datafield>
    <marc:datafield tag="830" ind1="#" ind2="0">
      <marc:subfield code="a">Le point en recherche. Série socio-économique ;</marc:subfield>
      <marc:subfield code="v">77</marc:subfield>
      <marc:subfield code="w">(CaOODSP)9.513180</marc:subfield>
    </marc:datafield>
  </marc:record>
</marc:collection>
